MARC details
| 000 -LEADER |
| campo de control de longitud fija |
01239nam a2200241 a 4500 |
| 003 - IDENTIFICADOR DE NÚMERO DE CONTROL |
| campo de control |
Biblioteca Akishino |
| 005 - FECHA Y HORA DE LA ÚLTIMA TRANSACCIÓN |
| campo de control |
20260526193459.0 |
| 008 - DATOS DE LONGITUD FIJA--INFORMACIÓN GENERAL |
| campo de control de longitud fija |
030416s2024 sp | ||| 1|spa |
| 020 ## - NÚMERO INTERNACIONAL ESTÁNDAR DEL LIBRO |
| Número Internacional Estándar del Libro |
9788411485708 |
| 040 ## - FUENTE DE CATALOGACIÓN |
| Centro catalogador/agencia de origen |
SpMaBN |
| Centro/agencia transcriptor |
SpMaBN |
| Normas de descripción |
rdc |
| 041 1# - Idioma |
| Código de lengua del texto/banda sonora o título independiente |
spa |
| Código de lengua original |
jpn |
| 082 0# - Número Dewey (CDD) |
| Número de clasificación |
895.635 |
| Número de ítem |
M678u.E 2024 |
| 100 1# - ENTRADA PRINCIPAL--NOMBRE DE PERSONA |
| Nombre de persona |
Mishima, Yukio, |
| Fechas asociadas al nombre |
1925-1970 |
| 9 (RLIN) |
205 |
| 240 10 - Título Normalizado |
| Título uniforme |
Utsukushii hoshi. |
| Lenguaje de la obra |
Español |
| 245 13 - MENCIÓN DEL TÍTULO |
| Título |
La estrella más hermosa / |
| Mención de responsabilidad, etc. |
Yukio Mishima ; traducción del japonés por Fernando Cordobés y Yoko Ogihara. |
| 260 ## - PUBLICACIÓN, DISTRIBUCIÓN, ETC. |
| Lugar de publicación, distribución, etc. |
Madrid : |
| Nombre del editor, distribuidor, etc. |
Alianza, |
| Fecha de publicación, distribución, etc. |
2024. |
| 520 ## - RESUMEN, ETC. |
| Sumario, etc. |
Escrita en 1962 y considerada por el propio Mishima como una de sus mejores novelas, "La estrella más hermosa" es una comedia negra que cuenta la historia de la familia Osugi, cuyos miembros se dan cuenta de que vienen cada uno de un planeta distinto. El padre procede de Marte, la madre de Júpiter, el hijo de Mercurio y la hija de Venus. Este conocimiento extraterrestre hace que se unan en una misión: encontrar a personas como ellos y salvar así a la humanidad de la bomba atómica. |
| 650 #7 - Temas - Palabras clave |
| Término de materia o nombre geográfico como elemento de entrada |
Narrativa japonesa |
| Fuente del encabezamiento o término |
descriptor local |
| -- |
1368 |
| 655 #0 - GÉNERO |
| Datos o término principal de género/forma |
Novela |
| -- |
1469 |
| 700 1# - ENTRADA AGREGADA--NOMBRE PERSONAL |
| Nombre de persona |
Cordobés, Fernando |
| -- |
779 |
| 700 1# - ENTRADA AGREGADA--NOMBRE PERSONAL |
| Nombre de persona |
Ogihara, Yoko |
| -- |
778 |
| 942 ## - ELEMENTOS DE ENTRADA SECUNDARIOS (KOHA) |
| Fuente del sistema de clasificación o colocación |
Clasificación Decimal Dewey |
| Tipo de ítem Koha |
Libros Español-Inglés |
| 999 ## - |
| -- |
936 |
| -- |
936 |